Molecular medicine : an introductory text /

Molecular medicine is the application of gene or DNA based knowledge to the modern practice of medicine. This book provides contemporary insights into how the genetic revolution is influencing medical thinking and practice on a broad front including clinical medicine, innovative therapies and forens...

Full description

Bibliographic Details
Main Author: Trent, R. J.
Corporate Author: ScienceDirect (Online service)
Format: eBook
Language:English
Published: Amsterdam ; Boston : Elsevier Academic Press, ©2005.
Subjects:
Online Access:Connect to the full text of this electronic book

MARC

Tag First Indicator Second Indicator Subfields
LEADER 00000cam a2200000 a 4500
001 in00005732921
005 20260326151634.3
006 m o d
007 cr cn|||||||||
008 070806s2005 ne a ob 001 0 eng d
010 |a  2004028087 
040 |a OPELS  |b eng  |e pn  |c OPELS  |d OCLCQ  |d MERUC  |d SHS  |d E7B  |d IDEBK  |d TULIB  |d OCLCO  |d OCLCQ  |d GBVCP  |d OCLCF  |d DKDLA  |d OCLCQ  |d NLGGC  |d YDXCP  |d OCLCQ  |d AZK  |d LOA  |d OCLCO  |d OCLCA  |d COCUF  |d OCLCO  |d STF  |d MOR  |d PIFAG  |d OCLCQ  |d OCLCA  |d U3W  |d OCLCA  |d WRM  |d D6H  |d OCLCO  |d CHVBK  |d OCLCO  |d OCLCQ  |d UAB  |d OCLCO  |d NRAMU  |d OCLCA  |d LEAUB  |d OCLCO  |d OL$  |d OCLCA  |d UKCRE  |d OCLCQ  |d S2H  |d OCLCO  |d OCLCQ  |d OCLCO  |d COM  |d OCLCQ  |d OCLCO  |d OCLCL  |d EZC  |d LDP  |d INARC  |d OCLCL  |d OCLCQ 
016 7 |a 2004028087.  |2 Uk 
019 |a 441759236  |a 647545740  |a 779916911  |a 872139041  |a 961617615  |a 962563751  |a 966219807  |a 984805251  |a 988507849  |a 991926352  |a 1034935589  |a 1035657360  |a 1037783119  |a 1038670097  |a 1045530210  |a 1097163144  |a 1153493337  |a 1156945889 
020 |a 9780126990577 
020 |a 0126990573 
020 |a 0080454380  |q (electronic bk.) 
020 |a 9780080454382  |q (electronic bk.) 
035 |a (OCoLC)162577235  |z (OCoLC)441759236  |z (OCoLC)647545740  |z (OCoLC)779916911  |z (OCoLC)872139041  |z (OCoLC)961617615  |z (OCoLC)962563751  |z (OCoLC)966219807  |z (OCoLC)984805251  |z (OCoLC)988507849  |z (OCoLC)991926352  |z (OCoLC)1034935589  |z (OCoLC)1035657360  |z (OCoLC)1037783119  |z (OCoLC)1038670097  |z (OCoLC)1045530210  |z (OCoLC)1097163144  |z (OCoLC)1153493337  |z (OCoLC)1156945889 
037 |a 91264:91262  |b Elsevier Science & Technology  |n http://www.sciencedirect.com 
050 4 |a RB155  |b .T728 2005eb 
060 4 |a 2005 H-416 
060 4 |a QZ 50 
082 0 4 |a 616/.042  |2 22 
049 |a TXAM 
100 1 |a Trent, R. J. 
245 1 0 |a Molecular medicine :  |b an introductory text /  |c Ronald J. Trent. 
260 |a Amsterdam ;  |a Boston :  |b Elsevier Academic Press,  |c ©2005. 
300 |a 1 online resource (vii, 310 pages) :  |b illustrations 
336 |a text  |b txt  |2 rdacontent 
337 |a computer  |b c  |2 rdamedia 
338 |a online resource  |b cr  |2 rdacarrier 
520 |a Molecular medicine is the application of gene or DNA based knowledge to the modern practice of medicine. This book provides contemporary insights into how the genetic revolution is influencing medical thinking and practice on a broad front including clinical medicine, innovative therapies and forensic medicine. * Extensively revised just after the completion of the Human Genome Project, it provides the latest in molecular medicine developments * The only book in Molecular Medicine that has undergone 3 editions * Current practice as well as future developments identified * Extensive tables, well presented figures - resources for further understanding. 
505 0 |a History of molecular medicine -- DNA, RNA, genes and chromosomes -- Mendelian genetic traits -- Complex genetic traits -- Genomics, proteomics, and bioinformatics -- Genetic and cellular therapies -- Reproduction and development -- Infectious diseases -- Forensic medicine and science -- Ethical, legal, and social issues -- Appendix molecular technology -- Glossary and abbreviations -- Index. 
504 |a Includes bibliographical references and index. 
505 0 |a History of molecular medicine -- DNA, RNA, genes and chromosomes -- Mendelian genetic traits -- Complex genetic traits -- Genomics, proteomics, and bioinformatics -- Genetic and cellular therapies -- Reproduction and development -- Infectious diseases -- Forensic medicine and science -- Ethical, legal, and social issues. 
588 0 |a Print version record. 
650 0 |a Medical genetics. 
650 0 |a Molecular biology. 
650 1 2 |a Genetics, Medical 
650 1 2 |a Molecular Biology 
650 6 |a Génétique médicale. 
650 6 |a Biologie moléculaire. 
650 7 |a molecular biology.  |2 aat 
650 7 |a Medical genetics  |2 fast 
650 7 |a Molecular biology  |2 fast 
655 7 |a Electronic books.  |2 local 
655 7 |a dissertations.  |2 aat 
655 7 |a Academic theses  |2 fast 
655 7 |a Academic theses.  |2 lcgft 
655 7 |a Thèses et écrits académiques.  |2 rvmgf 
710 2 |a ScienceDirect (Online service) 
758 |i has work:  |a Molecular medicine (Text)  |1 https://id.oclc.org/worldcat/entity/E39PCGtvkTFbR7pQ69QYPRHq6X  |4 https://id.oclc.org/worldcat/ontology/hasWork 
776 0 8 |i Print version:  |a Trent, R.J.  |t Molecular medicine.  |d Amsterdam ; Boston : Elsevier Academic Press, ©2005  |z 0126990573  |z 9780126990577  |w (DLC) 2004028087  |w (OCoLC)57123796 
856 4 0 |u http://proxy.library.tamu.edu/login?url=https://www.sciencedirect.com/science/book/9780126990577  |z Connect to the full text of this electronic book  |t 0 
955 |a Elsevier ScienceDirect 2026-2027 
994 |a 92  |b TXA 
999 f f |i 009c38a4-dce6-4628-b787-9c272bcc50d6  |s 2fa6585e-939f-4592-afca-cb91ccbd8638  |t 0 
952 f f |a Texas A&M University  |b College Station  |c Electronic Resources  |s www_evans  |d Available Online  |t 0  |e RB155 .T728 2005eb  |h Library of Congress classification 
998 f f |a RB155 .T728 2005eb  |t 0  |l Available Online